000 00213 a2200109 4500
020 _a9789501180015
041 _aspa
100 _aTwain Mark
245 _aLas Aventuras de Tom Sawyer
942 _cBK
952 _71
999 _c25583
_d25583